| Tag |
First Indicator |
Second Indicator |
Subfields |
| LEADER |
00000cam a2200000 a 4500 |
| 001 |
in00000942021 |
| 005 |
20150925174811.0 |
| 007 |
hd afv|||baca |
| 007 |
hd bfv|||baaa |
| 008 |
870717s1700 miu a 00010 eng d |
| 035 |
|
|
|a (OCoLC)16219496
|
| 035 |
|
|
|9 AET1432AM
|
| 037 |
|
|
|a CL0037000036
|b University Microfilms International
|
| 037 |
|
|
|b University Microfilms International, 300 N. Zeeb Rd., Ann Arbor, MI 48106
|
| 040 |
|
|
|a EAH
|c EAH
|d UMI
|d UtOrBLW
|
| 041 |
1 |
|
|a eng
|a frm
|h frm
|
| 049 |
|
|
|a TXAI
|
| 090 |
|
|
|a PN6153
|b .B69 1700
|
| 099 |
|
|
|a film
|a B
|a 3609
|
| 100 |
1 |
|
|a Boyer, Abel,
|d 1667-1729.
|
| 245 |
1 |
4 |
|a The wise and ingenious companion, French and English, or, A collection of the wit of the illustrious persons, both ancient and modern :
|b containing their wise sayings, noble sentiments, witty repartees, jests and pleasant stories : calculated for the improvement and pleasure of the English and foreigners /
|c by Mr. Boyer ...
|
| 264 |
|
3 |
|a London :
|b Printed by G.C. for Tho. Newborough ... and J. Nicholson ...,
|c 1700.
|
| 300 |
|
|
|a 14 unnumbered pages, 232 pages, 1 unnumbered page
|
| 336 |
|
|
|a text
|b txt
|2 rdacontent
|
| 337 |
|
|
|a microform
|b h
|2 rdamedia
|
| 338 |
|
|
|a microfilm reel
|b hd
|2 rdacarrier
|
| 500 |
|
|
|a English and French on opposite pages.
|
| 500 |
|
|
|a French title reads: Le compagnon sage & ingenieux, anglois & françois, ou, Recueil de l'esprit des personnes illustres, tant anciennes que modernes.
|
| 500 |
|
|
|a Advertisement: [1] pages at end.
|
| 500 |
|
|
|a Reproduction of original in the Huntington Library.
|
| 510 |
4 |
|
|a Wing
|c B3918
|
| 533 |
|
|
|a Microfilm.
|b Ann Arbor, Mich. :
|c University Microfilms International,
|d 1980.
|e 1 microfilm reel ; 35 mm.
|f (Early English books, 1641-1700 ; 1088:16)
|
| 500 |
|
|
|a Microform.
|
| 650 |
|
0 |
|a Wit and humor.
|
| 650 |
|
0 |
|a Anecdotes.
|
| 740 |
2 |
|
|a A collection of the wit of the illustrious persons, both ancient and modern.
|
| 740 |
3 |
|
|a Le compagnon sage & engenieux, anglois & françois.
|
| 740 |
0 |
|
|a Recueil de l'esprit des personnes illustres, tant anciennes que modernes.
|
| 830 |
|
0 |
|a Early English books, 1641-1700 ;
|v 1088:16.
|
| 999 |
|
|
|a MARS
|
| 999 |
f |
f |
|s 50d1cb59-2057-354c-910f-fbadeab5a38d
|i 1ccd67df-b932-34a9-abd3-c5d02a94e463
|t 0
|
| 952 |
f |
f |
|p default
|a Texas A&M University
|b College Station
|c Sterling C. Evans Library
|d Evans: Microforms (3rd floor)
|t 0
|e film B 3609 1088:16
|h Other scheme
|i microform -- microfilm reel
|
| 998 |
f |
f |
|a film B 3609 1088:16
|t 0
|l Evans: Microforms (3rd floor)
|